Consumer behavior. -- 8th ed. (Record no. 79798)

MARC details
000 -LEADER
fixed length control field 01048nam a2200193 a 4500
008 - FIXED-LENGTH DATA ELEMENTS--GENERAL INFORMATION
fixed length control field 120416s2004 ||||||||||||||||| || u
020 ## - INTERNATIONAL STANDARD BOOK NUMBER
International Standard Book Number 0130491756
050 ## - LIBRARY OF CONGRESS CALL NUMBER
Classification number HF 5415.3 Sch
100 ## - MAIN ENTRY--PERSONAL NAME
Personal name Schiffman, Leon G
245 10 - TITLE STATEMENT
Title Consumer behavior. -- 8th ed.
250 ## - EDITION STATEMENT
Edition statement 8th editio
260 ## - PUBLICATION, DISTRIBUTION, ETC.
Place of publication, distribution, etc. Upper Sadde River,NJ
Name of publisher, distributor, etc. Pearson
Date of publication, distribution, etc. 2004
300 ## - PHYSICAL DESCRIPTION
Extent xxiv, 587p. : ill.
350 ## -
-- 0.00
995 ## -
-- BINDERY (DAMAGED)
-- 0.00
-- 736625
-- CBU-MAIN LIBRARY (Kitwe)
-- 1
-- 30.00
-- HF 5415.3 Sch
-- 1
-- DAMAGED
-- 40686
-- Main Library Open Access Collection
995 ## -
-- MAIN LIBRARY OPEN ACCESS
-- 0.00
-- 736627
-- CBU-MAIN LIBRARY (Kitwe)
-- 2
-- 30.00
-- HF 5415.3 Sch
-- 2
-- AVAILABLE
-- Apr 26, 2006
-- 040683
-- Main Library Open Access Collection
995 ## -
-- BINDERY (DAMAGED)
-- 0.00
-- 736628
-- CBU-MAIN LIBRARY (Kitwe)
-- 3
-- 30.00
-- HF 5415.3 Sch
-- 3
-- DAMAGED
-- Apr 26, 2006
-- 040685
-- Main Library Open Access Collection
995 ## -
-- MAIN LIBRARY OPEN ACCESS
-- 0.00
-- 736626
-- CBU-MAIN LIBRARY (Kitwe)
-- 4
-- 30.00
-- HF 5415.3 Sch
-- 4
-- AVAILABLE
-- 40684
-- Main Library Open Access Collection
999 ## -
-- 79798
-- 79798
Holdings
Withdrawn status Lost status Source of classification or shelving scheme Damaged status Not for loan Permanent Location Current Location Shelving location Date acquired Total Checkouts Full call number Barcode Date last seen Copy number Price effective from Koha item type Date last checked out
          CBU-MAIN LIBRARY, KITWE. CBU-MAIN LIBRARY, KITWE.   06/29/2023   HF 5415.3 Sch 40686 06/29/2023 1 06/29/2023 MONOGRAPH  
          CBU-MAIN LIBRARY, KITWE. CBU-MAIN LIBRARY, KITWE.   06/29/2023 1 HF 5415.3 Sch 040683 04/19/2024 2 06/29/2023 MONOGRAPH 04/05/2024
          CBU-MAIN LIBRARY, KITWE. CBU-MAIN LIBRARY, KITWE.   06/29/2023   HF 5415.3 Sch 040685 06/29/2023 3 06/29/2023 MONOGRAPH  
          CBU-MAIN LIBRARY, KITWE. CBU-MAIN LIBRARY, KITWE.   06/29/2023   HF 5415.3 Sch 40684 06/29/2023 4 06/29/2023 MONOGRAPH